Gendered Talk at Work : Constructing Gender Identity through Workplace Discourse /

Uloženo v:
Podrobná bibliografie
Hlavní autor: Holmes, Janet (autor)
Médium: Kniha
Jazyk:angličtina
Vydáno: Malden, EUA : Blackwell, 2006, c2006
Edice:(Language and Social Change)
Témata:
Tagy: Přidat tag
Žádné tagy, Buďte první, kdo vytvoří štítek k tomuto záznamu!

MARC

LEADER 00000nam^a2200000^a^4500
001 000278023
005 20250521000000.0
009 20260310111353.739
020 |a 1-4051-1759-1 
037 |a Acervo ITESO - Biblioteca 
041 |a ING 
082 |a 302. 22145  |b HOL 
100 |a Holmes, Janet  |e (autor) 
245 1 0 |a Gendered Talk at Work :  |b Constructing Gender Identity through Workplace Discourse /  |c J. Holmes. 
264 4 |a Malden, EUA :  |b Blackwell,  |c 2006, c2006 
300 |a XI, 251 p. 
336 |a texto  |b txt  |2 rdacontenido 
337 |a sin mediación  |b n  |2 rdamedio 
338 |a volumen  |b nc  |2 rdasoporte 
440 1 |a (Language and Social Change) 
649 |a XX 
650 |a Identidad Personal 
650 |a Identidad de Género 
650 |a Diferencia y Otredad 
650 |a Relaciones Intergénero -  |x Tema Principal 
650 |a Relaciones Laborales -  |x Tema Principal 
650 |a Interacción Social 
650 |a Género y Lenguaje -  |x Tema Principal 
650 |a Comunicación Personal 
650 |a Género 
650 |a Sociolingüística 
650 |a Sociología Laboral 
650 |a Sociología de la Comunicación 
910 |a Fondo General 
920 |a Impresos - Libros 
930 |a Colección General 
905 |a 101 
901 |a 0500163373  |b IT1  |c ACC  |u 20250521 
902 |a https://opac.biblio.iteso.mx/vufind/Record/000278023